Fundamental of Cyber Security: Principles, Theory and Practice (Record no. 11279)

MARC details
000 -LEADER
fixed length control field 00498nam a22001937a 4500
003 - CONTROL NUMBER IDENTIFIER
control field OSt
008 - FIXED-LENGTH DATA ELEMENTS--GENERAL INFORMATION
fixed length control field 220609b ||||| |||| 00| 0 eng d
020 ## - INTERNATIONAL STANDARD BOOK NUMBER
International Standard Book Number 9789386551559
082 ## - DEWEY DECIMAL CLASSIFICATION NUMBER
Classification number 658.478 BHF
100 ## - MAIN ENTRY--PERSONAL NAME
Personal name BHUSHAN, Mayank
245 ## - TITLE STATEMENT
Title Fundamental of Cyber Security: Principles, Theory and Practice
250 ## - EDITION STATEMENT
Edition statement 1st
260 ## - PUBLICATION, DISTRIBUTION, ETC. (IMPRINT)
Place of publication, distribution, etc New Delhi
Name of publisher, distributor, etc BPB Publication
Date of publication, distribution, etc 2017
300 ## - PHYSICAL DESCRIPTION
Extent 211
650 ## - SUBJECT ADDED ENTRY--TOPICAL TERM
Topical term or geographic name as entry element CSE
700 ## - ADDED ENTRY--PERSONAL NAME
Personal name RATHORE, Rajkumar Singh
700 ## - ADDED ENTRY--PERSONAL NAME
Personal name JAMSHED, Aatif
942 ## - ADDED ENTRY ELEMENTS (KOHA)
Source of classification or shelving scheme Dewey Decimal Classification
Koha item type Text Books
Holdings
Withdrawn status Lost status Source of classification or shelving scheme Damaged status Not for loan Collection code Home library Current library Date acquired Source of acquisition Currency Cost, normal purchase price Bill Number Total Checkouts Full call number Acc. no. / Barcode Date last seen Date last borrowed Actual Cost, discounted price Bill Date Koha item type Public note
    Dewey Decimal Classification     B.Tech(CSE) PIET C-LIBRARY PIET C-LIBRARY 25/05/2022 Kirti Prakashan IN Rupees 360.00 IN312 5 658.478 BHF 33636 09/10/2025 26/09/2025 252.00 25/05/2022 Text Books  
    Dewey Decimal Classification     Computer Science & Engineering in Cyber Security PIET C-LIBRARY PIET C-LIBRARY 29/01/2026 BPB Publications In rupees 399.00 76439   658.478 BHF 39855 16/02/2026   259.35 29/01/2026 Reference Books Decentrilization

Design & Developed by: PIET Central Library
R70 Miles Stone Pattikalyana Samalkha Panipat 132102
mail ID :- [email protected], Phone No:- 0180-2569700 Ex.216